[Event "AUTO-OPEN-1296"]
[Site "http://www.queenalice.com/game.php?id=665645"]
[Date "2009.10.11"]
[Round "3"]
[White "Arkantos"]
[Black "gedanix"]
[Result "0-1"]
[WhiteElo "2031"]
[BlackElo "2191"]

1. e4 e6 2. d4 d5 3. Nc3 Bb4 4. e5 c5 5. Nf3 cxd4 6. Nxd4 Nc6 7. f4 Bxc3+ 8.
bxc3 Qa5 9. Bd2 Nge7 10. Bd3 Bd7 11. O-O O-O 12. Qe2 Qb6 13. Be3 Qb2 14. Qd2
Nxd4 15. Bxd4 Qa3 16. Rfb1 b6 17. Rb3 Qa4 18. Qc1 Nf5 19. Bf2 f6 20. Qd2 fxe5
21. fxe5 Bc6 22. Rb4 Qa3 23. Rg4 Bb5 24. h4 Rf7 25. Rf1 Ba6 26. Be1 Qxa2 27. Qg5
Bxd3 28. cxd3 Qe2 29. d4 Ne3 30. Rxf7 Qxe1+ 31. Kh2 Nxg4+ 0-1

[Event "AUTO-MASTER-939"]
[Site "http://www.queenalice.com/game.php?id=672451"]
[Date "2009.10.25"]
[Round "1"]
[White "biano"]
[Black "Arkantos"]
[Result "0-1"]
[WhiteElo "1657"]
[BlackElo "2003"]

1. e4 e6 2. d4 d5 3. Nc3 Bb4 4. a3 Bxc3+ 5. bxc3 dxe4 6. Qg4 Nf6 7. Qxg7 Rg8 8.
Qh6 Rg6 9. Qe3 Nc6 10. g3 e5 11. Bb5 Qd5 12. a4 a6 13. c4 Qxd4 14. Bxc6+ bxc6
15. Qxd4 exd4 16. Ne2 c5 17. Nf4 Rg8 18. O-O Bf5 19. Ra2 h5 20. Ba3 c6 21. Bxc5
Rd8 22. Rd1 d3 23. cxd3 exd3 0-1

[Event "AUTO-MASTER-939"]
[Site "http://www.queenalice.com/game.php?id=672452"]
[Date "2009.10.25"]
[Round "1"]
[White "Arkantos"]
[Black "biano"]
[Result "1-0"]
[WhiteElo "2012"]
[BlackElo "1800"]

1. e4 e6 2. d4 d5 3. Nc3 Bb4 4. e5 c5 5. a3 Bxc3+ 6. bxc3 Ne7 7. Nf3 O-O 8. Be3
Nbc6 9. Bd3 g6 10. h4 c4 11. Be2 Nf5 12. Bg5 Qa5 13. Qd2 b5 14. h5 Qc7 15. g4
Nfe7 16. Bf6 Qxe5 17. Nxe5 1-0

[Event "AUTO-MASTER-939"]
[Site "http://www.queenalice.com/game.php?id=672463"]
[Date "2009.10.25"]
[Round "1"]
[White "Artking"]
[Black "Arkantos"]
[Result "0-1"]
[WhiteElo "1940"]
[BlackElo "2044"]

1. e4 e6 2. d4 d5 3. e5 c5 4. f4 Nc6 5. c3 Qb6 6. Nf3 Nge7 7. Bd3 Bd7 8. Qe2
cxd4 9. cxd4 Ng6 10. Nc3 Be7 11. Be3 Nb4 12. Bb1 Rc8 13. a3 Nc6 14. O-O O-O 15.
g4 Na5 16. Kh1 Nc4 17. Bc1 Qc7 18. f5 Nh4 19. f6 gxf6 20. Nxh4 fxe5 21. dxe5
Bxh4 22. Qd3 f5 23. gxf5 exf5 24. Bh6 Nxe5 25. Rg1+ Ng6 26. Ba2 Bc6 27. Qd4 Bf6
28. Bxd5+ Kh8 29. Qc4 Rfd8 30. Bxc6 bxc6 31. Rad1 c5 32. Qe6 Bxc3 33. bxc3 Qb7+
0-1

[Event "AUTO-MASTER-939"]
[Site "http://www.queenalice.com/game.php?id=672464"]
[Date "2009.10.25"]
[Round "1"]
[White "Arkantos"]
[Black "Artking"]
[Result "0-1"]
[WhiteElo "2105"]
[BlackElo "1935"]

1. e4 c5 2. Nf3 a6 3. d4 cxd4 4. Nxd4 d6 5. Nc3 Nf6 6. Bc4 g6 7. Bb3 Bg7 8. f3
Nc6 9. Be3 Bd7 10. Qd2 Rc8 11. O-O-O O-O 12. h4 h5 13. Nde2 Ne5 14. Bh6 Nc4 15.
Bxc4 Rxc4 16. Bxg7 Kxg7 17. Nf4 Be6 18. Qe3 Qa5 19. Nfd5 Nxd5 20. exd5 Bf5 21.
Qxe7 Rfc8 22. Qxd6 Rxc3 23. bxc3 Qxc3 0-1

[Event "AUTO-MASTER-939"]
[Site "http://www.queenalice.com/game.php?id=672469"]
[Date "2009.10.25"]
[Round "1"]
[White "nenem"]
[Black "Arkantos"]
[Result "1-0"]
[WhiteElo "1934"]
[BlackElo "2065"]

1. c4 Nf6 2. Nc3 g6 3. d3 Bg7 4. g3 O-O 5. Bg5 d5 6. Bxf6 Bxf6 7. Bg2 dxc4 8.
Nf3 cxd3 9. exd3 Bf5 10. Ne4 Bg7 11. O-O Nc6 12. h3 Qd5 13. Nfg5 Rad8 14. Nf6+
Bxf6 15. Bxd5 1-0

[Event "AUTO-MASTER-939"]
[Site "http://www.queenalice.com/game.php?id=672470"]
[Date "2009.10.25"]
[Round "1"]
[White "Arkantos"]
[Black "nenem"]
[Result "1-0"]
[WhiteElo "2012"]
[BlackElo "1845"]

1. e4 c5 2. Nf3 Nc6 3. d4 d6 4. d5 Nb8 5. c4 Bg4 6. Be2 g6 7. Nc3 Bg7 8. h3 Bd7
9. Be3 Nh6 10. O-O f5 11. Qd2 Nf7 12. a3 O-O 13. Ng5 Nxg5 14. Bxg5 fxe4 15. Nxe4
Bf5 16. Bd3 Nd7 17. Rae1 Ne5 18. b3 Bxh3 19. Bb1 Bf5 20. Bh6 Bxe4 21. Rxe4 Qd7
22. Rh4 Rf3 23. Bxg7 Rxb3 24. Qh6 Ng4 25. Qxh7+ 1-0

[Event "AUTO-MASTER-940"]
[Site "http://www.queenalice.com/game.php?id=673188"]
[Date "2009.10.27"]
[Round "1"]
[White "ajbsantos"]
[Black "Arkantos"]
[Result "1-0"]
[WhiteElo "1965"]
[BlackElo "2021"]

1. e4 c5 2. Nf3 d6 3. d4 cxd4 4. Nxd4 Nf6 5. Nc3 a6 6. Be3 e5 7. Nb3 Be6 8. Qd2
Be7 9. f3 O-O 10. O-O-O Nbd7 11. g4 b5 12. g5 Nh5 13. Nd5 Bxd5 14. exd5 Nf4 15.
Bxf4 exf4 16. h4 Rc8 17. Nd4 Re8 18. Qxf4 Ne5 19. Kb1 Qc7 20. h5 Qd8 21. g6 fxg6
22. Ne6 Qa5 23. hxg6 h6 24. Rxh6 1-0

[Event "AUTO-MASTER-940"]
[Site "http://www.queenalice.com/game.php?id=673189"]
[Date "2009.10.27"]
[Round "1"]
[White "Arkantos"]
[Black "ajbsantos"]
[Result "0-1"]
[WhiteElo "2000"]
[BlackElo "1969"]

1. e4 e5 2. f4 exf4 3. Nf3 g5 4. h4 g4 5. Ne5 Nf6 6. Bc4 d5 7. exd5 Bd6 8. d4
O-O 9. Bxf4 Nh5 10. Qd2 f6 11. g3 fxe5 12. dxe5 Qe7 13. Qe3 Nxf4 14. gxf4 Bf5
15. Bb3 Na6 16. Nc3 Nc5 17. O-O-O Nxb3+ 18. axb3 a6 19. Rhe1 Bb4 20. Rg1 Bxc3
21. Qxc3 Rad8 22. Qc4 b5 23. Qc6 Ra8 24. h5 b4 25. Rd4 a5 26. Kd2 Kh8 27. Rc4
Rac8 28. Qa6 Qh4 29. Re1 Qf2+ 30. Re2 Qf3 31. Qxa5 g3 32. Qxb4 g2 33. Qc5 Bxc2
0-1

[Event "AUTO-MASTER-940"]
[Site "http://www.queenalice.com/game.php?id=673204"]
[Date "2009.10.27"]
[Round "1"]
[White "rheenz"]
[Black "Arkantos"]
[Result "1-0"]
[WhiteElo "2301"]
[BlackElo "2049"]

1. Nf3 d5 2. d4 Nf6 3. Bf4 Bf5 4. e3 e6 5. Bd3 Bg4 6. Nbd2 Nbd7 7. h3 Bh5 8. c3
c5 9. Qa4 Be7 10. Ne5 O-O 11. g4 Bg6 12. Nxg6 fxg6 13. Nf3 Nb6 14. Qd1 Bd6 15.
Bxd6 Qxd6 16. Ne5 c4 17. Bc2 Nfd7 18. f4 g5 19. Qd2 Qe7 20. O-O-O a5 21. Nf3
gxf4 22. exf4 a4 23. a3 Nc8 24. Rde1 Nd6 25. Bxh7+ Kxh7 26. Ng5+ Kg8 27. Rxe6
1-0

[Event "AUTO-MASTER-940"]
[Site "http://www.queenalice.com/game.php?id=673205"]
[Date "2009.10.27"]
[Round "1"]
[White "Arkantos"]
[Black "rheenz"]
[Result "0-1"]
[WhiteElo "2056"]
[BlackElo "2292"]

1. e4 c5 2. Nf3 d6 3. d4 cxd4 4. Nxd4 e5 5. Nb3 Nc6 6. Nc3 Be6 7. Be3 Be7 8. Qd2
a6 9. O-O-O Nf6 10. f4 Ng4 11. Bg1 exf4 12. Kb1 Ne3 13. Bxe3 fxe3 14. Qxe3 O-O
15. Nd5 Bxd5 16. exd5 Ne5 17. Nd4 Bf6 18. Be2 Re8 19. Qg3 Ng6 20. Bf3 Qb6 21. c3
Re3 22. Ka1 Rae8 23. h4 Ne5 24. Nf5 Nc4 25. Qf2 Nxb2 26. Qxe3 Rxe3 0-1

[Event "AUTO-MASTER-940"]
[Site "http://www.queenalice.com/game.php?id=673216"]
[Date "2009.10.27"]
[Round "1"]
[White "Arkantos"]
[Black "bacana"]
[Result "1/2-1/2"]
[WhiteElo "2005"]
[BlackElo "2046"]

1. d4 d5 2. Nf3 Nf6 3. g3 e6 4. Bg2 Bd6 5. O-O O-O 6. Bg5 Nbd7 7. Re1 h6 8. Bc1
c5 9. c3 Ne4 10. e3 b6 11. Nbd2 Ndf6 12. Nxe4 Nxe4 13. Nd2 Nf6 14. e4 dxe4 15.
Nxe4 Nxe4 16. Bxe4 Rb8 17. Be3 cxd4 18. Bxd4 Bb7 19. Qg4 Qg5 20. Qf3 Bxe4 21.
Rxe4 Qf5 22. Qe2 Rfd8 23. Rg4 Bf8 24. Re1 Rd7 25. Rf4 Qd5 26. a4 Bc5 27. Qg4
Bxd4 28. Rxd4 Qb7 29. Red1 Rbd8 30. h4 Rxd4 31. Rxd4 Rxd4 32. Qxd4 Qc7 33. Kg2
Qc6+ 34. Kf1 Qh1+ 35. Ke2 Qb7 36. Qd8+ 1/2-1/2

[Event "AUTO-MASTER-940"]
[Site "http://www.queenalice.com/game.php?id=673217"]
[Date "2009.10.27"]
[Round "1"]
[White "bacana"]
[Black "Arkantos"]
[Result "1-0"]
[WhiteElo "2076"]
[BlackElo "2007"]

1. d4 Nf6 2. c4 e6 3. Nc3 b6 4. e4 d6 5. Bg5 Be7 6. Nf3 Bb7 7. Qc2 Nbd7 8. Be2
O-O 9. O-O h6 10. Bh4 Nh7 11. Bxe7 Qxe7 12. Rfe1 a6 13. Qd3 Ng5 14. Rad1 Rfd8
15. a3 Rac8 16. b4 Nf6 17. Nxg5 hxg5 18. Bf1 g6 19. d5 e5 20. Be2 Kg7 21. Qg3
Rh8 22. Qxg5 Rh7 23. Qe3 Rch8 24. h3 Bc8 25. Bf1 Ng4 26. Qg3 Nf6 27. a4 Nh5 28.
Qe3 Nf4 29. Ne2 Nh5 30. Rc1 Bd7 31. a5 b5 32. c5 Bc8 33. cxd6 cxd6 34. Rc3 g5
35. Rec1 Bxh3 36. gxh3 Nf4 37. Nxf4 gxf4 38. Qf3 Qg5+ 39. Qg4 Qxg4+ 40. hxg4 Kf6
41. Bg2 1-0

[Event "AUTO-MASTER-773"]
[Site "http://www.queenalice.com/game.php?id=680037"]
[Date "2009.11.9"]
[Round "2"]
[White "Vonkinho"]
[Black "Arkantos"]
[Result "1-0"]
[WhiteElo "2197"]
[BlackElo "2030"]

1. d4 Nf6 2. c4 e6 3. Nf3 b6 4. g3 Bb7 5. Bg2 Be7 6. O-O O-O 7. d5 exd5 8. Nh4
Ne4 9. cxd5 Nd6 10. Nf3 Bf6 11. Nc3 Re8 12. Bf4 Nf5 13. Qd3 Nd6 14. Rac1 Qe7 15.
Bxd6 cxd6 16. e3 Na6 17. Nd4 Nc5 18. Qd2 Qe5 19. Rfe1 Qh5 20. Ndb5 1-0

[Event "AUTO-MASTER-773"]
[Site "http://www.queenalice.com/game.php?id=680038"]
[Date "2009.11.9"]
[Round "2"]
[White "Arkantos"]
[Black "Vonkinho"]
[Result "0-1"]
[WhiteElo "2021"]
[BlackElo "2204"]

1. e4 d6 2. d4 Nf6 3. Nc3 g6 4. Nf3 Bg7 5. Be3 O-O 6. Bc4 Nxe4 7. Nxe4 d5 8.
Bxd5 Qxd5 9. Ng3 Bg4 10. h3 Bxf3 11. gxf3 Nc6 12. Qd3 Qxf3 13. c3 Rad8 14. Qe2
Qd5 15. O-O-O Qxa2 16. h4 Na5 17. h5 c5 18. hxg6 hxg6 19. f4 cxd4 20. Bxd4 Bxd4
21. Rxd4 Rxd4 0-1

[Event "AUTO-MASTER-773"]
[Site "http://www.queenalice.com/game.php?id=680039"]
[Date "2009.11.9"]
[Round "2"]
[White "Alexandrovinsk"]
[Black "Arkantos"]
[Result "1-0"]
[WhiteElo "2143"]
[BlackElo "2043"]

1. e4 c5 2. Nf3 d6 3. d4 cxd4 4. Nxd4 Nf6 5. Nc3 a6 6. Be2 Nc6 7. O-O e5 8. Nb3
Be6 9. Kh1 Be7 10. Be3 O-O 11. f4 Qc7 12. f5 Bd7 13. g4 b5 14. g5 Ne8 15. Nd5
Qd8 16. Qd2 f6 17. h4 1-0

[Event "AUTO-MASTER-773"]
[Site "http://www.queenalice.com/game.php?id=680040"]
[Date "2009.11.9"]
[Round "2"]
[White "Arkantos"]
[Black "Alexandrovinsk"]
[Result "0-1"]
[WhiteElo "2013"]
[BlackElo "2168"]

1. e4 c6 2. d4 d5 3. Nd2 dxe4 4. Nxe4 Nd7 5. Nf3 Ngf6 6. Ng3 Qc7 7. c4 e6 8. Bd3
Bd6 9. Qc2 c5 10. Be3 O-O 11. O-O-O a6 12. Ng5 h6 13. h4 b5 14. N3e4 bxc4 15.
Bxc4 Nxe4 16. Nxe4 Bf4 17. g4 cxd4 18. Rxd4 Bxe3+ 19. fxe3 Nb6 20. g5 e5 21.
Nf6+ gxf6 22. gxf6 Kh8 23. Rg1 exd4 24. Rg7 d3 25. Bxd3 Qxc2+ 26. Bxc2 Rd8 27.
Rxf7 Be6 28. Rh7+ Kg8 29. Bg6 Rac8+ 30. Kb1 Rd1# 0-1

[Event "Challenge"]
[Site "http://www.queenalice.com/game.php?id=682516"]
[Date "2009.11.13"]
[Round "-"]
[White "Ebbe"]
[Black "Arkantos"]
[Result "1-0"]
[WhiteElo "2011"]
[BlackElo "2084"]

1. e4 c5 2. Nf3 d6 3. d4 cxd4 4. Nxd4 Nf6 5. Nc3 a6 6. g3 e5 7. Nf3 Be6 8. Bg2
Be7 9. O-O O-O 10. Be3 Nbd7 11. Qd2 Qc7 12. Ng5 Bc4 13. Rfe1 h6 14. Nf3 Rac8 15.
Nh4 Be6 16. Nd5 Bxd5 17. exd5 Qxc2 18. Bh3 1-0

[Event "É nós"]
[Site "http://www.queenalice.com/game.php?id=884440"]
[Date "2011.1.11"]
[Round "-"]
[White "Arkantos"]
[Black "Ramoalid_liempten"]
[Result "0-1"]
[WhiteElo "2018"]
[BlackElo "2063"]

1. d4 d5 2. Nf3 Bf5 3. g3 Nc6 4. Bg2 e6 5. O-O Nf6 6. Bg5 h6 7. Bf4 Bd6 8. Bxd6
cxd6 9. c3 O-O 10. Nbd2 e5 11. Nb3 a5 12. a4 Re8 13. Re1 e4 0-1